2023 NFL Standings - Statistics

General Stats
  • This quiz has been taken 120 times
  • The average score is 22 of 32
Answer Stats
Rank (seed) Record NFL Team % Correct
AFC North Champ (1) 13-4 Baltimore Ravens
97%
AFC West Champ (3) 11-6 Kansas City Chiefs
96%
AFC East Champ (2) 11-6 Buffalo Bills
94%
AFC South Champ (4) 10-7 Houston Texans
94%
AFC Wild Card (5) 11-6 Cleveland Browns
82%
NFC West Champ (1) 12-5 San Francisco 49ers
82%
NFC East Champ (2) 12-5 Dallas Cowboys
79%
AFC Wild Card (6) 11-6 Miami Dolphins
79%
AFC Wild Card (7) 10-7 Pittsburgh Steelers
79%
NFC North Champ (3) 12-5 Detroit Lions
78%
NFC South Champ (4) 9-8 Tampa Bay Buccaneers
78%
NFC Wild Card (5) 11-6 Philadelphia Eagles
73%
NFC Wild Card (7) 9-8 Green Bay Packers
70%
NFC Wild Card (6) 10-7 Los Angeles Rams
69%
AFC (16) Missed Playoffs 4-13 New England Patriots
68%
NFC (16) Missed Playoffs 2-15 Carolina Panthers
64%
AFC (8) Missed Playoffs 9-8 Cincinnati Bengals
64%
AFC (13) Missed Playoffs 7-10 New York Jets
64%
AFC (10) MIssed Playoffs 9-8 Indianapolis Colts
62%
AFC (9) Missed Playoffs 9-8 Jacksonville Jaguars
62%
AFC (12) Missed Playoffs 8-9 Denver Broncos
60%
AFC (15) Missed Playoffs 5-12 Los Angeles Chargers
58%
AFC (14) Missed Playoffs 6-11 Tennessee Titans
57%
NFC (15) Missed Playoffs 4-13 Arizona Cardinals
56%
AFC (11) Missed Playoffs 8-9 Las Vegas Raiders
55%
NFC (8) Missed Playoffs 9-8 Seattle Seahawks
55%
NFC (14) Missed Playoffs 4-13 Washington Commanders
52%
NFC (10) Missed Playoffs 7-10 Minnesota Vikings
51%
NFC (11) Missed Playoffs 7-10 Chicago Bears
49%
NFC (9) Missed Playoffs 9-8 New Orleans Saints
49%
NFC (13) Missed Playoffs 6-11 New York Giants
49%
NFC (12) Missed Playoffs 7-10 Atlanta Falcons
47%
No matching quizzes found
Score Distribution
Percent of People with Each Score
Percentile by Number Answered
Your Score History
You have not taken this quiz